| 000 | 00813nam a2200217 a 4500 | ||
|---|---|---|---|
| 005 | 20220816140310.0 | ||
| 008 | 120810s2009 mx r 000 0 spa d | ||
| 020 | _a9786077519485 | ||
| 035 | _aUPN01000186098 | ||
| 049 | _aCG | ||
| 050 | 4 |
_aHQ799 M6 _bC5.8 |
|
| 245 | 0 | 0 |
_aCiudadanía y perspectivas de los jóvenes : _bel México del siglo XXI / _ccoord. Gonzalo Alejandre Ramos. |
| 260 |
_aMéxico : _bEón : _bUniversidad Autónoma del Estado de México, Centro Universitario Zumpango, _c2009. |
||
| 300 |
_a164 p. : _bcuadros, gráfs. |
||
| 440 | 0 | _aEón sociales | |
| 650 | 4 |
_aJOVENES - _xACTIVIDAD POLITICA - _zMEXICO _921107 |
|
| 650 | 4 |
_aCULTURA POLITICA - _zMEXICO _912741 |
|
| 650 | 7 |
_aJóvenes _zMéxico _xCondiciones sociales _2 _921104 |
|
| 700 | 1 |
_aAlejandre Ramos, Gonzalo, _ecoord. |
|
| 905 | _aLibro | ||
| 999 |
_c158201 _d158201 |
||